000 00539nam a22001937a 4500
003 KOHA_MİRAKIL
005 20250422135139.0
008 250422b tu ||||| |||| 00| 0 tur d
020 _a9786059268394
040 _aTR-AnABB
_btur
_cTR-AnABB
041 _atur
082 _a818.42092
_bAK 2016
100 1 _aAk, Suat,
245 1 0 _aNecip Fazıl ve büyük doğu /
_cSuat Ak
260 _aİstanbul :
_bBüyüyenay,
_c2016
300 _a384 sayfa ;
_c21 cm
650 0 0 _aBiyografi, Necip Fazıl Kısakürek
942 _2ddc
_cBK
999 _c8814
_d8814
900 _bGizem YORULMAZ